000 00972nam a2200229Ia 4500
001 22959
005 20260417135731.0
008 260414t2012||||xx |||||||||||||| ||spa||
041 _aESP
082 _a624.171
_bH441
100 _aHibbeler, R. C.,
_eAUT
245 0 _aAnálisis estructural
260 _c2012
300 _axx, 695 páginas :
_c25 cm.
650 _a0
654 _aCIC
856 _uhttps://itmsp.museknowledge.com/UCSP?url=https://www.ebooks7-24.com:443/?il=25562&pg=1
_zVersión digital (2022)
856 _uhttps://0u213ww4z-y-https-ebooks7--24-com.itmsp.museknowledge.com/biblioteca.aspx
_zVéase además: Base de datos Ebook7-24
856 _uhttps://0u21dww59-y-https-ebooks-editorialmacro-com.itmsp.museknowledge.com/library
_zVéase además: Base de datos Macro Digital
856 _uhttps://0u20fww5b-y-https-research-ebsco-com.itmsp.museknowledge.com/c/qxo6us/search
_zVéase además: Base de datos EBSCOhost
942 _cLIB
_dJUS
_fJUS
_2ddc
999 _c22959
_d22959